[Event "SWE-chT Group 3 Qualifier"]
[Site "Lund"]
[Date "2021.10.02"]
[Round "2"]
[White "Kretz, Johan"]
[Black "Malesevic, Nedeljko"]
[Result "0-1"]
[WhiteElo "2210"]
[BlackElo "2245"]
[PlyCount "114"]
[EventDate "2021.10.01"]
[EventType "team-tourn"]
[EventRounds "3"]
[EventCountry "SWE"]
[SourceTitle "CBM 204 Extra"]
[Source "ChessBase"]
[SourceDate "2021.11.30"]
[SourceVersion "1"]
[SourceVersionDate "2021.11.30"]
[SourceQuality "1"]
[WhiteTeam "Vasteras"]
[BlackTeam "Eksjo"]
[WhiteTeamCountry "SWE"]
[BlackTeamCountry "SWE"]

1. d4 d5 2. c4 e6 3. Nc3 Nf6 4. Nf3 Be7 5. Bg5 c6 6. e3 Nbd7 7. Qc2 Ne4 8. Bxe7 Qxe7 9. Nxe4 dxe4 10. Qxe4 Qb4+ 11. Nd2 Qxb2 12. Qb1 Qc3 13. Qc1 Qa5 14. Bd3 e5 15. 0-0 exd4 16. exd4 0-0 17. Re1 Nf6 18. Ne4 Qd8 19. Qf4 Qxd4 20. Rad1 Nxe4 21. Rxe4 Qf6 22. Qxf6 gxf6 23. Re7 Rb8 24. Rb1 Rd8 25. Be2 Kf8 26. Rc7 Rd2 27. Bh5 Be6 28. Rxc6 Bf5 29. Rb5 Rxa2 30. Rd6 Ra1+ 31. Rd1 Rxd1+ 32. Bxd1 Bd3 33. Bf3 Bxc4 34. Rxb7 Rxb7 35. Bxb7 a5 36. Be4 h6 37. Bc2 Ke7 38. f3 Kd6 39. Kf2 Kc5 40. Kg3 Kb4 41. Kh4 Kc3 42. Ba4 Bb3 43. Bc6 Kd4 44. Kh5 Kc5 45. Be8 Kd6 46. Kxh6 Ke7 47. Bc6 Kf8 48. Kh7 a4 49. Bxa4 Bxa4 50. h4 Bc2+ 51. Kh8 Bd3 52. h5 f5 53. f4 Be2 54. h6 Bh5 55. Kh7 Bg6+ 56. Kh8 f6 57. h7 Kf7 0-1

[Event "SWE-chT 1920 Superettan"]
[Site "Sweden"]
[Date "2020.02.01"]
[Round "5"]
[White "Kretz, Johan"]
[Black "Lindberg, Henrik"]
[Result "0-1"]
[WhiteElo "2215"]
[BlackElo "2194"]
[PlyCount "114"]
[EventDate "2019.10.18"]
[EventType "team-tourn"]
[EventRounds "9"]
[EventCountry "SWE"]
[SourceTitle "EXT 2023"]
[Source "ChessBase"]
[SourceDate "2022.10.05"]
[SourceVersion "1"]
[SourceVersionDate "2022.10.05"]
[SourceQuality "1"]
[WhiteTeam "Vasteras II"]
[BlackTeam "Upsala"]
[WhiteTeamCountry "SWE"]
[BlackTeamCountry "SWE"]

1. d4 Nf6 2. c4 e6 3. Nf3 Bb4+ 4. Bd2 a5 5. g3 d5 6. Qc2 Nc6 7. Bg2 dxc4 8. Qxc4 Qd5 9. Qxd5 exd5 10. 0-0 Be6 11. Rc1 Ne4 12. e3 0-0 13. a3 Bd6 14. Nc3 Nxc3 15. Bxc3 a4 16. Ne5 Na5 17. Bxa5 Rxa5 18. Nd3 c6 19. Bf1 Re8 20. Rc3 Rb5 21. Nc5 Rxb2 22. Nxa4 Rd2 23. Nc5 Bxc5 24. Rxc5 Ra8 25. a4 Rb2 26. a5 Bd7 27. a6 b6 28. Rcc1 Ra7 29. Bd3 f5 30. h3 Kf7 31. g4 g6 32. gxf5 gxf5 33. Kg2 Ke7 34. Kg3 Kd6 35. Rcb1 Rd2 36. Ra3 b5 37. f3 Bc8 38. Kf4 Rf2 39. h4 Rxa6 40. Rxa6 Bxa6 41. Bxf5 h6 42. h5 Rg2 43. Bg4 c5 44. Ra1 Bb7 45. Ra7 Bc6 46. Rh7 c4 47. e4 dxe4 48. Rxh6+ Kc7 49. Rg6 c3 50. Rg5 exf3 51. Rc5 Rxg4+ 52. Kxg4 f2 53. d5 f1Q 54. Rxc6+ Kd8 55. Rxc3 Qd1+ 56. Rf3 Qxd5 57. h6 Qe4+ 0-1

[Event "SWE-chT 1819 Superettan"]
[Site "Sweden"]
[Date "2019.03.31"]
[Round "9"]
[White "Agrest, Inna"]
[Black "Kretz, Johan"]
[Result "1-0"]
[WhiteElo "2275"]
[BlackElo "2207"]
[PlyCount "109"]
[EventDate "2018.11.09"]
[EventType "team-tourn"]
[EventRounds "9"]
[EventCountry "SWE"]
[SourceTitle "EXT 2020"]
[Source "ChessBase"]
[SourceDate "2019.10.17"]
[SourceVersion "1"]
[SourceVersionDate "2019.10.17"]
[SourceQuality "1"]
[WhiteTeam "Alingsas"]
[BlackTeam "Vasteras II"]
[WhiteTeamCountry "SWE"]
[BlackTeamCountry "SWE"]

1. e4 g6 2. d4 Bg7 3. Nc3 d6 4. Nf3 a6 5. h3 b5 6. a4 b4 7. Nd5 a5 8. c3 Bb7 9. Bd3 e6 10. Ne3 Nf6 11. Qc2 bxc3 12. bxc3 Nbd7 13. 0-0 0-0 14. Rb1 Nb6 15. Nd2 Bc6 16. Bb5 Bxb5 17. Rxb5 c6 18. Rb1 Qc7 19. Ba3 Rfb8 20. f4 Bf8 21. f5 exf5 22. exf5 d5 23. fxg6 Bxa3 24. Rxf6 fxg6 25. Rbf1 Rf8 26. Ng4 Rxf6 27. Nxf6+ Kg7 28. Qd3 Rf8 29. Ng4 Rxf1+ 30. Qxf1 Qf7 31. Qa6 Qc7 32. Qxa5 Bd6 33. Nf3 Qb7 34. Nge5 Nc4 35. Qd8 Qb1+ 36. Kh2 Qe4 37. Qd7+ Kh6 38. Qg4 Kg7 39. Qd7+ Kh6 40. Qg4 Kg7 41. Qxe4 dxe4 42. Kg1 Nb6 43. a5 Nd5 44. c4 Nb4 45. Ng5 e3 46. Kf1 h6 47. Ne4 Bc7 48. a6 Nxa6 49. Nxc6 Bb6 50. Ke2 Kf7 51. Kxe3 Nc7 52. Nd6+ Ke6 53. Nc8 Kd7 54. Nxb6+ Kxc6 55. Na4 1-0

[Event "Rilton Cup 47th"]
[Site "Stockholm"]
[Date "2017.12.30"]
[Round "4"]
[White "Kretz, Johan"]
[Black "Ziegler, Ari"]
[Result "0-1"]
[WhiteElo "2227"]
[BlackElo "2330"]
[PlyCount "108"]
[EventDate "2017.12.27"]
[EventType "swiss"]
[EventRounds "9"]
[EventCountry "SWE"]
[SourceTitle "CBM 182 Extra"]
[Source "ChessBase"]
[SourceDate "2018.02.23"]
[SourceVersion "1"]
[SourceVersionDate "2018.02.23"]
[SourceQuality "1"]

1. d4 Nf6 2. c4 c5 3. d5 e6 4. Nc3 exd5 5. cxd5 d6 6. e4 g6 7. Nf3 Bg7 8. h3 0-0 9. Bd3 Nh5 10. g4 Nf6 11. Bf4 a6 12. a4 h5 13. Nd2 hxg4 14. hxg4 Nxg4 15. Nc4 Bd4 16. Bg3 Qf6 17. Qd2 Nd7 18. f4 Nde5 19. Nxe5 dxe5 20. f5 gxf5 21. Bh4 Qg6 22. exf5 Bxf5 23. Bxf5 Qxf5 24. Qg2 Qg6 25. d6 Ne3 26. Qxg6+ fxg6 27. Ke2 Nf5 28. Ne4 Nxh4 29. Rxh4 Rf4 30. Rah1 Rxh4 31. Rxh4 Rd8 32. Kd3 b5 33. axb5 axb5 34. b3 Rc8 35. Rh2 c4+ 36. bxc4 bxc4+ 37. Kc2 Ra8 38. Rh3 Kg7 39. Rf3 Rd8 40. Ra3 Kf7 41. Rg3 Ke6 42. Nd2 c3 43. Ne4 Rc8 44. Kd3 c2 45. Rxg6+ Kf7 46. d7 c1N+ 47. Kd2 Nb3+ 48. Kd3 Rd8 49. Rh6 Nc5+ 50. Nxc5 Bxc5 51. Ke4 Bd4 52. Kf5 Rxd7 53. Rh7+ Ke8 54. Rh8+ Ke7 0-1

[Event "SWE-chT 1516 Superettan"]
[Site "Sweden"]
[Date "2016.03.18"]
[Round "7"]
[White "Kretz, Johan"]
[Black "Aira, Johannes"]
[Result "1-0"]
[WhiteElo "2193"]
[BlackElo "2116"]
[PlyCount "71"]
[EventDate "2015.11.06"]
[EventType "team-tourn"]
[EventRounds "9"]
[EventCountry "SWE"]
[SourceTitle "EXT 2018"]
[Source "ChessBase"]
[SourceDate "2017.10.13"]
[SourceVersion "1"]
[SourceVersionDate "2017.10.13"]
[SourceQuality "1"]
[WhiteTeam "Vasteras II"]
[BlackTeam "Orgryte"]
[WhiteTeamCountry "SWE"]
[BlackTeamCountry "SWE"]

1. d4 Nf6 2. c4 g6 3. Nc3 d5 4. cxd5 Nxd5 5. e4 Nxc3 6. bxc3 Bg7 7. Nf3 c5 8. Rb1 0-0 9. Be2 Nc6 10. d5 Bxc3+ 11. Bd2 Bxd2+ 12. Qxd2 Nd4 13. Nxd4 cxd4 14. Qxd4 e5 15. Qd2 Qh4 16. Bf3 f5 17. 0-0 fxe4 18. g3 Qe7 19. d6 Qf6 20. Bxe4 Rd8 21. Rfd1 Rb8 22. Qc3 Bf5 23. Bxf5 Qxf5 24. Rb5 Rf8 25. f4 Qg4 26. Qb3+ Kg7 27. Rxe5 Rbd8 28. Re7+ Kh6 29. h3 Qxh3 30. Rd2 Rc8 31. Qb2 Qxg3+ 32. Rg2 Qxf4 33. Qg7+ Kh5 34. Qxh7+ Qh6 35. Rh2+ Kg4 36. Qxh6 1-0

[Event "SWE-chT 0708"]
[Site "Sweden"]
[Date "2008.02.23"]
[Round "8"]
[White "Bator, Robert"]
[Black "Kretz, Johan"]
[Result "1-0"]
[WhiteElo "2413"]
[BlackElo "2222"]
[PlyCount "101"]
[EventDate "2007.10.19"]
[EventType "team"]
[EventRounds "11"]
[EventCountry "SWE"]
[SourceTitle "EXT 2009"]
[Source "ChessBase"]
[SourceDate "2008.11.26"]
[SourceVersion "1"]
[SourceVersionDate "2008.11.26"]
[SourceQuality "1"]
[WhiteTeam "Stockholm Rockaden"]
[BlackTeam "Vasteras"]
[WhiteTeamCountry "SWE"]
[BlackTeamCountry "SWE"]

1. d4 Nf6 2. Nf3 e6 3. c4 Bb4+ 4. Bd2 Qe7 5. g3 Nc6 6. Nc3 0-0 7. Bg2 d5 8. cxd5 exd5 9. 0-0 Bg4 10. a3 Bxc3 11. Bxc3 Rfe8 12. Re1 Bxf3 13. Bxf3 a5 14. Rc1 Ra6 15. e3 Qd7 16. Bg2 b5 17. Qd3 Rb6 18. Bd2 a4 19. Rc2 Na7 20. Bb4 c6 21. e4 dxe4 22. Bxe4 Rbb8 23. Rce2 Nxe4 24. Rxe4 Re6 25. Rxe6 fxe6 26. Bc5 Re8 27. b3 axb3 28. Qxb3 Nc8 29. a4 bxa4 30. Qxa4 Nd6 31. Bxd6 Qxd6 32. Re5 g6 33. Qc4 Kf7 34. Rc5 Rc8 35. h4 Rc7 36. h5 Kg7 37. Qc3 Kf7 38. Rg5 Qe7 39. Rg4 g5 40. Qd3 Qf6 41. Qxh7+ Qg7 42. Qxg7+ Kxg7 43. Rxg5+ Kf6 44. Rc5 Rd7 45. Rxc6 Rxd4 46. Kg2 Rd5 47. g4 Kg5 48. Kg3 Rd3+ 49. f3 Re3 50. Rc5+ Kf6 51. g5+ 1-0

[Event "SWE-chT 0708"]
[Site "Sweden"]
[Date "2007.11.17"]
[Round "4"]
[White "Kretz, Johan"]
[Black "Soderberg, Per"]
[Result "1/2-1/2"]
[WhiteElo "2227"]
[BlackElo "2199"]
[PlyCount "85"]
[EventDate "2007.10.19"]
[EventType "team"]
[EventRounds "11"]
[EventCountry "SWE"]
[SourceTitle "EXT 2009"]
[Source "ChessBase"]
[SourceDate "2008.11.26"]
[SourceVersion "1"]
[SourceVersionDate "2008.11.26"]
[SourceQuality "1"]
[WhiteTeam "Vasteras"]
[BlackTeam "Wasa"]
[WhiteTeamCountry "SWE"]
[BlackTeamCountry "SWE"]

1. d4 Nf6 2. c4 e6 3. Nf3 c5 4. e3 b6 5. Nc3 Bb7 6. d5 d6 7. e4 e5 8. Bd3 g6 9. 0-0 Bg7 10. Ne1 0-0 11. f4 exf4 12. Bxf4 Nh5 13. Be3 Nd7 14. Be2 Nhf6 15. Nd3 Qe8 16. Bf3 Ne5 17. Nxe5 Qxe5 18. Qd2 Ba6 19. Bf4 Qe7 20. e5 Ne8 21. exd6 Nxd6 22. b3 Rae8 23. Rae1 Qd7 24. h3 f5 25. Re6 Nf7 26. Rfe1 Nd8 27. Rxe8 Rxe8 28. a4 Nf7 29. Kf1 Be5 30. g3 Bb7 31. Bg2 a6 32. Re2 Qd6 33. Qe1 Kg7 34. g4 Bc8 35. g5 Bd7 36. Bxe5+ Rxe5 37. Rxe5 Nxe5 38. Qe3 Nf7 39. Ne2 Kf8 40. Kf2 Qe7 41. h4 Ne5 42. Bf3 Qd6 43. Nf4 1/2-1/2

[Event "SWE-chT 0001"]
[Site "Sweden"]
[Date "2000.10.15"]
[Round "3"]
[White "Hellsten, Johan"]
[Black "Kretz, Johan"]
[Result "1-0"]
[WhiteElo "2562"]
[BlackElo "2258"]
[PlyCount "67"]
[EventDate "2000.10.13"]
[EventType "team"]
[EventRounds "11"]
[EventCountry "SWE"]
[SourceTitle "EXT 2006"]
[Source "ChessBase"]
[SourceDate "2005.11.24"]
[SourceVersion "1"]
[SourceVersionDate "2005.11.24"]
[SourceQuality "1"]
[WhiteTeam "Limhamn"]
[BlackTeam "Vaesteras "]
[WhiteTeamCountry "SWE"]
[BlackTeamCountry "SWE"]

1. d4 Nf6 2. c4 e6 3. Nf3 Bb4+ 4. Nbd2 0-0 5. a3 Be7 6. e4 d5 7. cxd5 exd5 8. e5 Nfd7 9. Bd3 c5 10. 0-0 Nc6 11. Re1 cxd4 12. b4 f6 13. exf6 Bxf6 14. Nf1 g6 15. Bh6 Rf7 16. Ra2 Nde5 17. Nxe5 Nxe5 18. Ng3 Bd7 19. Bb1 Bb5 20. f4 Nc6 21. f5 g5 22. Nh5 d3 23. Bxd3 Bxd3 24. Qxd3 Nd4 25. Rf2 Qb6 26. Nxf6+ Qxf6 27. Bxg5 Qxg5 28. Qxd4 Rxf5 29. h4 Qg6 30. Rxf5 Qxf5 31. Re5 Qb1+ 32. Kh2 h6 33. Re3 Qh7 34. Qf6 1-0

[Event "SWE-chT 9900"]
[Site "Sweden"]
[Date "2000.??.??"]
[Round "11"]
[White "Piuva, Matti"]
[Black "Kretz, Johan"]
[Result "1-0"]
[WhiteElo "2205"]
[BlackElo "2223"]
[PlyCount "131"]
[EventDate "1999.11.??"]
[EventType "team"]
[EventRounds "11"]
[EventCountry "SWE"]
[SourceTitle "EXT 2002"]
[Source "ChessBase"]
[SourceDate "2001.11.25"]
[SourceVersion "1"]
[SourceVersionDate "2001.11.25"]
[SourceQuality "1"]

1. e4 c5 2. Nf3 e6 3. d4 cxd4 4. Nxd4 a6 5. Bd3 Nf6 6. c4 g6 7. 0-0 d6 8. Nc3 Bg7 9. Be3 Qc7 10. Rc1 0-0 11. Nb3 b6 12. f3 Bb7 13. Qd2 Nbd7 14. Rfd1 Rfe8 15. Bf1 Bf8 16. Qf2 Rac8 17. Kh1 Bc6 18. Nd4 Ba8 19. b4 Qb8 20. Nb3 d5 21. cxd5 exd5 22. Nxd5 Bxd5 23. Rxc8 Qxc8 24. exd5 Bxb4 25. Bg5 b5 26. g3 Qc3 27. d6 Qe5 28. Bf4 Qf5 29. Qd4 Re1 30. Rxe1 Bxe1 31. Qd1 Bb4 32. Bg2 Qd5 33. Qxd5 Nxd5 34. Bh3 f5 35. Bc1 Bxd6 36. Bf1 Nc3 37. a4 Nxa4 38. Na5 Ne5 39. f4 Bc7 40. Nb3 Nd7 41. Nd4 Bd6 42. Nxb5 axb5 43. Bxb5 Nab6 44. Kg2 Kf7 45. h3 Ke6 46. Kf3 Nf6 47. Be3 Nbd7 48. Bc4+ Ke7 49. g4 Nc5 50. gxf5 gxf5 51. Bxc5 Bxc5 52. Bd3 Ke6 53. Bc4+ Nd5 54. Bb3 Kd6 55. Bc4 Bb4 56. Bd3 Ne7 57. Bc4 Bd2 58. Bf7 Ng6 59. Bg8 Ke7 60. Bb3 Bxf4 61. h4 Bc1 62. h5 Ne5+ 63. Kg3 Kf6 64. Bc2 h6 65. Bb1 Kg5 66. Bc2 1-0

[Event "Holger Blomstrand's op"]
[Site "Gothenburg"]
[Date "1997.08.14"]
[Round "6"]
[White "Welin, Mats Erik Thomas"]
[Black "Kretz, Johan"]
[Result "1-0"]
[WhiteElo "2160"]
[BlackElo "2195"]
[PlyCount "49"]
[EventDate "1997.08.09"]
[EventType "swiss"]
[EventRounds "9"]
[EventCountry "SWE"]
[SourceTitle "EXT 1999"]
[Source "ChessBase"]
[SourceDate "1998.11.16"]
[SourceVersion "1"]
[SourceVersionDate "1998.11.16"]
[SourceQuality "1"]

1. e4 c5 2. Nf3 Nc6 3. d4 cxd4 4. Nxd4 e5 5. Nb5 d6 6. c4 Be7 7. Bd3 Be6 8. 0-0 Nf6 9. N1c3 a6 10. Na3 0-0 11. Nc2 Nd7 12. b3 Nc5 13. Be2 f5 14. exf5 Bxf5 15. Ne3 Be6 16. Bf3 Rb8 17. Bb2 Qd7 18. Ne4 Nxe4 19. Bxe4 Rf4 20. Bd5 Nd4 21. Bxd4 Rxd4 22. Qc2 Rc8 23. Rad1 b5 24. Rxd4 exd4 25. Qf5 1-0

[Event "Holger Blomstrand's op"]
[Site "Gothenburg"]
[Date "1997.??.??"]
[Round "8"]
[White "Kretz, Johan"]
[Black "Forchert, Martin"]
[Result "0-1"]
[WhiteElo "2185"]
[BlackElo "2390"]
[PlyCount "66"]
[EventDate "1997.08.09"]
[EventType "swiss"]
[EventRounds "9"]
[EventCountry "SWE"]
[SourceTitle "EXT 1999"]
[Source "ChessBase"]
[SourceDate "1998.11.16"]
[SourceVersion "1"]
[SourceVersionDate "1998.11.16"]
[SourceQuality "1"]

1. d4 d5 2. c4 c6 3. Nc3 Nf6 4. e3 a6 5. Nf3 b5 6. c5 Bg4 7. a4 b4 8. Ne2 Bxf3 9. gxf3 a5 10. Ng3 Nbd7 11. f4 e6 12. Bd3 h6 13. b3 Qc7 14. Qc2 Be7 15. Ne2 0-0-0 16. Ng1 g5 17. Nf3 gxf4 18. exf4 Nh5 19. Ne5 Nxe5 20. fxe5 f6 21. Qe2 fxe5 22. Qxh5 exd4 23. Qg4 Kb7 24. Qxd4 e5 25. Qe3 e4 26. Bb2 Bg5 27. Qh3 exd3 28. Bxh8 d2+ 29. Kd1 Rxh8 30. Kc2 Qe7 31. Raf1 Qxc5+ 32. Kb1 Qd4 33. f4 Qe4+ 0-1

[Event "SWE-chT 9394"]
[Site "Sweden"]
[Date "1994.??.??"]
[Round "9"]
[White "Schneider, Stefan"]
[Black "Kretz, Johan"]
[Result "0-1"]
[WhiteElo "2100"]
[BlackElo "2195"]
[PlyCount "70"]
[EventDate "1993.??.??"]
[EventType "team"]
[EventRounds "9"]
[EventCountry "SWE"]
[SourceTitle "EXT 2000"]
[Source "ChessBase"]
[SourceDate "1999.11.16"]
[SourceVersion "1"]
[SourceVersionDate "1999.11.16"]
[SourceQuality "1"]

1. d4 e6 2. c4 Nf6 3. Nc3 Bb4 4. Qc2 0-0 5. a3 Bxc3+ 6. Qxc3 b6 7. Bg5 c5 8. dxc5 bxc5 9. e3 Nc6 10. Bd3 Rb8 11. Ne2 Qa5 12. Bxf6 gxf6 13. 0-0-0 Qxc3+ 14. Nxc3 f5 15. Be2 Rd8 16. Rd6 Kf8 17. Kc2 Ke7 18. Rd2 Na5 19. Nb5 Bb7 20. f3 a6 21. Nc3 Bc6 22. Rhd1 Nb3 23. Rd3 Rb6 24. Kb1 Rdb8 25. Rg1 h6 26. h3 h5 27. g4 hxg4 28. hxg4 fxg4 29. Rxg4 Rh8 30. Rd1 Rh2 31. Rg3 f5 32. Kc2 f4 33. Kd3 fxg3 34. Rg1 Rf2 35. Rxg3 Nc1+ 0-1

[Event "Gothenburg"]
[Site "Gothenburg"]
[Date "1993.??.??"]
[Round "8"]
[White "Holzke, Frank"]
[Black "Kretz, Johan"]
[Result "1-0"]
[WhiteElo "2380"]
[BlackElo "2195"]
[PlyCount "53"]
[EventDate "1993.??.??"]
[EventType "tourn"]
[EventRounds "9"]
[EventCountry "SWE"]
[SourceTitle "EXT 1998"]
[Source "ChessBase"]
[SourceDate "1997.11.17"]
[SourceVersion "1"]
[SourceVersionDate "1997.11.17"]
[SourceQuality "1"]

1. e4 e6 2. d4 d5 3. Nd2 c5 4. Ngf3 cxd4 5. exd5 Qxd5 6. Bc4 Qd6 7. 0-0 Nf6 8. Nb3 Nc6 9. Nbxd4 Nxd4 10. Nxd4 Bd7 11. c3 Qc7 12. Qe2 0-0-0 13. a4 h5 14. Bg5 Kb8 15. Nb5 Bxb5 16. axb5 Ng4 17. g3 f6 18. Bc1 Bc5 19. Ra4 Qb6 20. Kg2 e5 21. h3 Nxf2 22. b4 Be7 23. Be3 Ne4 24. Bxb6 Rd2 25. Bxa7+ Kc7 26. b6+ Kc8 27. Be6+ 1-0

[Event "SWE-chT 9394"]
[Site "Sweden"]
[Date "1993.??.??"]
[Round "3"]
[White "Kretz, Johan"]
[Black "Schneider, Lars Ake"]
[Result "0-1"]
[WhiteElo "2195"]
[BlackElo "2455"]
[PlyCount "98"]
[EventDate "1993.??.??"]
[EventType "team"]
[EventRounds "9"]
[EventCountry "SWE"]
[SourceTitle "EXT 2000"]
[Source "ChessBase"]
[SourceDate "1999.11.16"]
[SourceVersion "1"]
[SourceVersionDate "1999.11.16"]
[SourceQuality "1"]

1. d4 Nf6 2. c4 e6 3. Nf3 b6 4. g3 Bb7 5. Bg2 Be7 6. Nc3 d5 7. cxd5 exd5 8. Qa4+ c6 9. 0-0 0-0 10. Ne5 Bd6 11. e4 Nxe4 12. Nxe4 dxe4 13. Bxe4 Bxe5 14. dxe5 Nd7 15. Rd1 Qc7 16. Qc2 Nxe5 17. f4 Ng4 18. Bxh7+ Kh8 19. Be4 Rae8 20. Bf3 c5 21. Qg2 Bxf3 22. Qxf3 f5 23. h3 Nf6 24. Bd2 Ne4 25. Re1 Qf7 26. Bc3 Re6 27. Be5 Rfe8 28. Kh2 Kg8 29. Red1 Rh6 30. Rd3 Qc4 31. Rad1 Rxe5 32. fxe5 Rxh3+ 33. Kxh3 Ng5+ 34. Kg2 Nxf3 35. Kxf3 Qe4+ 36. Kf2 Qxe5 37. R1d2 Kh7 38. Rd7 a5 39. Re2 Qf6 40. b3 f4 41. Ree7 Kh6 42. gxf4 Qxf4+ 43. Ke2 g6 44. Kd3 b5 45. Rc7 Qd4+ 46. Kc2 a4 47. Red7 Qf2+ 48. Kc3 a3 49. Rd2 Qg3+ 0-1

[Event "Gothenburg"]
[Site "Gothenburg"]
[Date "1993.??.??"]
[Round "9"]
[White "Kretz, Johan"]
[Black "Turner, Matthew"]
[Result "0-1"]
[WhiteElo "2195"]
[BlackElo "2370"]
[PlyCount "72"]
[EventDate "1993.??.??"]
[EventType "tourn"]
[EventRounds "9"]
[EventCountry "SWE"]
[SourceTitle "EXT 1998"]
[Source "ChessBase"]
[SourceDate "1997.11.17"]
[SourceVersion "1"]
[SourceVersionDate "1997.11.17"]
[SourceQuality "1"]

1. d4 Nf6 2. c4 g6 3. Nc3 Bg7 4. e4 d6 5. Be2 0-0 6. Nf3 e5 7. 0-0 Nc6 8. d5 Ne7 9. Nd2 a5 10. a3 c6 11. Rb1 b5 12. dxc6 b4 13. Nd5 Nxc6 14. axb4 Nxb4 15. Nxb4 axb4 16. Nb3 Nxe4 17. Bf3 Bb7 18. Qe1 f5 19. Qxb4 Rb8 20. Na5 Ba8 21. Qe1 g5 22. h3 Qe8 23. b4 Qg6 24. Rb3 h5 25. Bxe4 Bxe4 26. Qd2 f4 27. f3 Bc2 28. Rc3 Bf5 29. Nc6 Rbe8 30. Ra3 g4 31. hxg4 hxg4 32. Qd5+ Be6 33. Qxd6 g3 34. Ra7 Qh6 35. Rd1 Qh2+ 36. Kf1 Qh1+ 0-1

[Event "Gothenburg"]
[Site "Gothenburg"]
[Date "1993.??.??"]
[Round "6"]
[White "Winsnes, Rikard"]
[Black "Kretz, Johan"]
[Result "1-0"]
[WhiteElo "2395"]
[BlackElo "2195"]
[PlyCount "66"]
[EventDate "1993.??.??"]
[EventType "tourn"]
[EventRounds "9"]
[EventCountry "SWE"]
[SourceTitle "EXT 1998"]
[Source "ChessBase"]
[SourceDate "1997.11.17"]
[SourceVersion "1"]
[SourceVersionDate "1997.11.17"]
[SourceQuality "1"]

1. e4 c5 2. Nf3 e6 3. d4 cxd4 4. Nxd4 a6 5. Bd3 Nf6 6. 0-0 Qc7 7. Qe2 Bc5 8. Nb3 Ba7 9. e5 Nd5 10. Re1 0-0 11. c4 Nb4 12. Be4 N4c6 13. Bf4 f5 14. Bf3 Nd4 15. Nxd4 Bxd4 16. Rd1 Ba7 17. Nd2 Nc6 18. Nb3 Rf7 19. h4 g6 20. Rd6 Qd8 21. g3 Bb8 22. Rd2 Qf8 23. Qe3 Qg7 24. Re1 a5 25. Bxc6 bxc6 26. Bh6 f4 27. Bxf4 a4 28. Nd4 Ra5 29. b4 axb3 30. Nxb3 Ra4 31. Bh6 Qh8 32. Qb6 Rf8 33. Bxf8 Kxf8 1-0

[Event "Sweden"]
[Site "Sweden"]
[Date "1992.??.??"]
[Round "?"]
[White "Kretz, Johan"]
[Black "Andersson, Tor"]
[Result "1-0"]
[WhiteElo "2230"]
[BlackElo "2215"]
[PlyCount "75"]
[EventDate "1992.??.??"]
[EventType "tourn"]
[EventRounds "9"]
[EventCountry "SWE"]
[SourceTitle "EXT 2000"]
[Source "ChessBase"]
[SourceDate "1999.11.16"]
[SourceVersion "1"]
[SourceVersionDate "1999.11.16"]
[SourceQuality "1"]

1. d4 Nf6 2. c4 e6 3. Nc3 d5 4. cxd5 exd5 5. Bg5 Be7 6. e3 0-0 7. Bd3 Re8 8. Qc2 Nbd7 9. Nge2 c6 10. h3 Nf8 11. 0-0-0 Be6 12. Kb1 b5 13. g4 a5 14. Ng3 a4 15. f4 Qa5 16. Nce2 b4 17. Qxc6 Rec8 18. Qb5 Qd8 19. Bxf6 gxf6 20. Nf5 Bxf5 21. Bxf5 Rc4 22. Rc1 Ra5 23. Qb7 Qe8 24. Bd3 Rxc1+ 25. Rxc1 Bd8 26. e4 Ne6 27. Rc8 dxe4 28. Qxe4 Qd7 29. Qxh7+ Kf8 30. Bg6 Ra7 31. Qxf7+ Qxf7 32. Bxf7 Kxf7 33. d5 Re7 34. dxe6+ Rxe6 35. Nd4 Re1+ 36. Kc2 Bb6 37. Rc4 Ba5 38. Nc6 1-0